| 000 | 00530nam a2200133Ia 4500 | ||
|---|---|---|---|
| 999 |
_c21995 _d21995 |
||
| 082 | _aRD.0230 | ||
| 100 |
_aDatta, Moushumi _uNagindas Khandwala College of Commerce _vMumbai |
||
| 245 | 0 |
_aSustainable development and its socio-economic implication _b: The case of Duars of West Bengal / _cMoushumi Datta |
|
| 260 |
_c2014 _bIndian Council of Social Science Research _aNew Delhi |
||
| 300 | _axxxi, 290p | ||
| 650 |
_aSocio-economic implication West Bengal _zIndia |
||
| 650 |
_aDuars Development _zIndia _zWest Bengal |
||
| 942 |
_cRP _2ddc |
||